[Event "Mlada Boleslav Region-ch"]
[Site "Mlada Boleslav"]
[Date "2015.06.21"]
[Round "6"]
[White "Kamenicky, Stanislav"]
[Black "Blaha, Martin1111"]
[Result "0-1"]
[WhiteElo "1000"]
[BlackElo "1228"]
[PlyCount "38"]
[EventDate "2015.06.20"]
[EventType "swiss"]
[EventRounds "7"]
[EventCountry "CZE"]
[SourceTitle "EXT 2017"]
[Source "ChessBase"]
[SourceDate "2016.10.25"]
[SourceVersion "1"]
[SourceVersionDate "2016.10.25"]
[SourceQuality "1"]

1. e4 d5 2. f3 dxe4 3. fxe4 Nf6 4. Nc3 e5 5. d3 Bg4 6. Be2 Bxe2 7. Qxe2 Bb4 8. Bd2 Nc6 9. Nf3 Qd7 10. Na4 Bxd2+ 11. Qxd2 0-0-0 12. 0-0-0 Rhe8 13. Nc5 Qd6 14. Qc3 Ng4 15. Rdf1 Ne3 16. Ng5 Nxf1 17. Nxf7 Qg6 18. Nxd8 Qxg2 19. Qb3 Qd2+ 0-1

[Event "Mlada Boleslav Region-ch U20"]
[Site "Mlada Boleslav"]
[Date "2014.06.21"]
[Round "1"]
[White "Kamenicky, Stanislav"]
[Black "Lang, David"]
[Result "0-1"]
[WhiteElo "1000"]
[BlackElo "1276"]
[PlyCount "34"]
[EventDate "2014.06.21"]
[EventType "swiss"]
[EventRounds "7"]
[EventCountry "CZE"]
[SourceTitle "EXT 2016"]
[Source "ChessBase"]
[SourceDate "2015.10.08"]
[SourceVersion "1"]
[SourceVersionDate "2015.10.08"]
[SourceQuality "1"]

1. e4 e5 2. Nf3 Nc6 3. Bc4 Be7 4. c3 Nf6 5. d4 exd4 6. cxd4 Nxe4 7. Nbd2 d5 8. Bb5 Bd7 9. Nxe4 dxe4 10. Bxc6 Bxc6 11. Ne5 Bb5 12. Qg4 Bb4+ 13. Bd2 Bxd2+ 14. Kxd2 Qxd4+ 15. Kc1 Qxe5 16. Rd1 Qc5+ 17. Kb1 Bd3+ 0-1

[Event "Mlada Boleslav Region-ch U20"]
[Site "Mlada Boleslav"]
[Date "2014.06.21"]
[Round "4"]
[White "Prichystal, Simon"]
[Black "Kamenicky, Stanislav"]
[Result "1-0"]
[WhiteElo "1252"]
[BlackElo "1000"]
[PlyCount "61"]
[EventDate "2014.06.21"]
[EventType "swiss"]
[EventRounds "7"]
[EventCountry "CZE"]
[SourceTitle "EXT 2016"]
[Source "ChessBase"]
[SourceDate "2015.10.08"]
[SourceVersion "1"]
[SourceVersionDate "2015.10.08"]
[SourceQuality "1"]

1. e4 e5 2. Nf3 Nc6 3. Bc4 Bc5 4. Nc3 Nf6 5. d3 d6 6. h3 h6 7. 0-0 0-0 8. Re1 Bb4 9. a3 Bxc3 10. bxc3 d5 11. exd5 Nxd5 12. Bd2 Re8 13. Bb5 Qf6 14. Bxc6 bxc6 15. Re2 Bf5 16. Qe1 Re6 17. c4 Nf4 18. Bxf4 exf4 19. Rxe6 Bxe6 20. Rd1 Re8 21. d4 Bxh3 22. Qxe8+ Kh7 23. gxh3 Qg6+ 24. Kf1 Qh5 25. Rd3 Qxh3+ 26. Ke2 Qf5 27. Qe5 Qg4 28. Qe4+ Kg8 29. Kd2 c5 30. dxc5 a5 31. Rd8# 1-0